000 00498nam a2200181 4500
003 LK-CoMWRAF
005 20231109123011.0
008 230908b2005 |||||||| |||| 00| 0 eng d
020 _a9558415219
040 _aLK-CoMWRAF
_dLK-CoMWRAF
_eLK-CoMWRAF
041 _aeng
082 _a823
_bWIC
110 _aWickramasinghe, Martin
245 _aThe Buddhist jataka stories and the Russian novel
250 _aFourth Edition
260 _aColombo :
_bMartin Wicramasinghe trust,
_c20005
942 _cBK
999 _c3471
_d3471